Rome contemporaine / (Record no. 19716)
[ view plain ]
| 000 -LEADER | |
|---|---|
| campo de control de longitud fija | 00660nam a2200205 i 4500 |
| 001 - NÚMERO DE CONTROL | |
| campo de control | 19716 |
| 003 - IDENTIFICADOR DE NÚMERO DE CONTROL | |
| campo de control | ES-MaACL |
| 005 - FECHA Y HORA DE LA ÚLTIMA TRANSACCIÓN | |
| campo de control | 20230906152143.0 |
| 007 - CAMPO FIJO DE DESCRIPCIÓN FÍSICA--INFORMACIÓN GENERAL | |
| campo de control de longitud fija | t| |
| 008 - DATOS DE LONGITUD FIJA--INFORMACIÓN GENERAL | |
| campo de control de longitud fija | 021008s1861 fr ||||1| fre d |
| 100 1# - ENTRADA PRINCIPAL--NOMBRE DE PERSONA | |
| Nombre de persona | About, Edmond, |
| Fechas asociadas al nombre | 1828-1885 |
| 9 (RLIN) | 18117 |
| 245 10 - MENCIÓN DEL TÍTULO | |
| Título | Rome contemporaine / |
| Mención de responsabilidad, etc. | par Edmond About. |
| 260 ## - PUBLICACIÓN, DISTRIBUCIÓN, ETC. | |
| Lugar de publicación, distribución, etc. | Paris : |
| Nombre del editor, distribuidor, etc. | Librairie de Michel Lévy Frères et Cie., |
| Fecha de publicación, distribución, etc. | 1861 ( |
| Fabricante | Imp. de Ch. Lahure et Cie.) |
| 300 ## - DESCRIPCIÓN FÍSICA | |
| Extensión | IV, [5]-370 p. ; |
| Dimensiones | 22 cm. |
| 490 1# - MENCIÓN DE SERIE | |
| Mención de serie | Collection Hetzel |
| 651 #4 - PUNTO DE ACCESO ADICIONAL DE MATERIA--NOMBRE GEOGRÁFICO | |
| Nombre geográfico | Roma (Ciudad)- |
| Subdivisión general | Descripción. |
| 9 (RLIN) | 172244 |
| 830 1# - PUNTO DE ACCESO ADICIONAL DE SERIE-TÍTULO UNIFORME | |
| Título uniforme | Collection Hetzel |
| 9 (RLIN) | 188385 |
| 852 ## - LOCALIZACIÓN | |
| Ubicación | ES-MaACL |
| Número de control de estantería | G-8298 |
| Nota libre | - Enc. holandesa |
| Estatus retirado | Estado de pérdida | Estado de daño | No para préstamo | Colección | Biblioteca de origen | Biblioteca actual | Ubicación en estantería | Fecha de adquisición | Fuente de adquisición | Total de préstamos | Signatura topográfica completa | Código de barras | Visto por última vez | Precio de reemplazo | Tipo de ítem Koha |
|---|---|---|---|---|---|---|---|---|---|---|---|---|---|---|---|
| Libros del s. XIX | Biblioteca del Ateneo de Madrid | Biblioteca del Ateneo de Madrid | Sala Pecera Planta 3 | 17/01/2008 | G-8298 | 1020186 | 23/02/2023 | 23/02/2023 | Libro impreso antiguo |
